01311nam a2200241 a 450000100100000000500170001000800410002704000250006808200180009310000390011124500600015026000670021030000210027765000420029865100650034091000370040504900090044295201170045195201280056895201750069695201810087199900170105200001360420200929163301.0091126s1951 dr 000 0 spa d aDO-SdBNPbspacBNPHU a341.35bA516f1 aAmiama Tió, Fernándo A.93100514aLas funciones consulares /cFernándo A. Amiama Tió. aCiudad Trujillo, República Dominicana :bArte y Cine,c1951. a172 p. ;c24 cm. 4aDerecho diplomatico y consular910195 4aRepública DominicanaxServicio Diplomatico Consular931006 aValidado. Control de calidad MFF aBNPD 00107-18PDaGRbGRcOId2019-08-08iLF1l0o341.35 A516fp13604-40r2020-06-25w2020-06-25yLFPDZNo se presta 001154708RVaGRbGRcMId2011-09-26iLF1l0o341.35 A516fp13604-30r2020-06-25te. 3w2020-06-25y4ZPréstamo en sala 001050718RVaPDbPDcHDd2009-11-26iLF1l0o341.35 A516fp13604-10r2020-06-25w2020-06-25y1zPerteneció a la biblioteca personal de Martínez Boog.ZNo se presta 001050718RVaPDbPDcHDd2011-09-26iLF1l0o341.35 A516fp13604-20r2020-06-25te. 2w2020-06-25y1zPerteneció a la biblioteca personal de Martínez Boog.ZNo se presta c13219d13219